000 00329nam a2200145 a 4500
008 970626s1975||||xx 0 und c
040 _aSNK
_bslo
_cSNK
_eAACR2
100 1 _aMannová, Marta
245 1 0 _aVýšivky
260 _aBratislava
_bPráca
_c1975
300 _a147 s.
020 _c50
041 _aslo
044 _axo
_cSK
999 _c19733
_d19733